00823cam a22002057a 4500003000500000005001700005008004100022010001000063011001000073020001500083035001000098040000900108082001400117110009300131245022900224260011000453300001000563650001300573650003100586CHAP20220329142338.0000829d2000 mx r 00110 esp d a82113 a83085 a9687798955 a93593 cCHAP04a301.2bA82 aAsociación Nacional de Universidades e Instituciones de Educación Superior. México10aPrograma nacional de extensión de la cultura y los servicios :baprobado en la XXX sesión ordinaria de la asamblea general de la ANUIESc/por Asociación Nacional de Universidades e Instituciones de Educación Superior aMéxico, D. F. :bAsociación Nacional de Universidades e Instituciones de Educación Superior,c2000. a84 p.14aCultura.14aExtensión universitaria.